South American Capitals (Redux) Quiz Stats

 Plays Quiz Updated May 14, 2019

Score 0/12 Timer 01:00
28 Plays Today
% Correct
???
79.3%
???
78.5%
???
77.4%
???
76.7%
???
72.8%
???
71.1%
???
70.4%
???
69%
???
68.9%
???
64.3%
???
47.5%
???
42.4%

You're not logged in!

Compare scores with friends on all Sporcle quizzes.
OR
Log In

Show Comments

Extras

Top Quizzes Today


Score Distribution

Your Account Isn't Verified!

In order to create a playlist on Sporcle, you need to verify the email address you used during registration. Go to your Sporcle Settings to finish the process.

Report this User

Report this user for behavior that violates our Community Guidelines.

Details: